Lipovianska maša rozprávka zo života ľudu slovenského

Bibliographic Details
Main Author: Zechenter-Laskomerský, Gustáv Kazimír, 1824-1908 (Author)
Format: Book
Language:Slovak
Published: Turčiansky Sv. Martin Kníhtlač.-účast. spolok 1896
Subjects:

MARC

LEADER 00000nam a2200000 a 4500
001 vtls001418351
003 SK-MaSNL
005 20260302035231.0
008 240315s1896 xo 0 slo
035 |a SNK000373152 
040 |a SNK  |b slo  |c SNK  |e AACR2 
041 0 |a slo 
044 |a xo  |c SK 
072 7 |a 821.162.4-3  |x Slovenská próza  |2 konspekt 
080 |a 821.162.4-3  |2 2011 
100 1 |a Zechenter-Laskomerský, Gustáv Kazimír,  |d 1824-1908  |4 aut  |9 108242 
245 1 |a Lipovianska maša  |b rozprávka zo života ľudu slovenského 
260 |a Turčiansky Sv. Martin  |b Kníhtlač.-účast. spolok  |c 1896 
300 |a 75 s. 
655 7 |a slovenské novely  |2 SNKPH  |9 70570 
958 |a ONDV 
999 |c 1069806  |d 1071736 
952 |t P60, <04>, [BOOK], {604}  |a SNK  |b SNK  |y VYP  |7 0  |p 17A0309711  |o snkSD 2276 D1  |i snkK 2891/65  |0 0  |1 0  |4 0  |d 2001-08-07  |l 0  |r 2005-01-02 00:00:00  |w 2026-02-24